| 000 | 00829pam a2200229 a 4500 | ||
|---|---|---|---|
| 001 | 1597342 | ||
| 005 | 20230502151633.0 | ||
| 008 | 940527s1994 enk 000 0 eng | ||
| 010 | _a 94025494 | ||
| 020 | _a1852305029 | ||
| 040 |
_aDLC _cDLC _dDLC |
||
| 050 | 0 | 0 |
_aRC523 _b.H49 1994 |
| 082 | 0 | 0 |
_a362.1 _220 _bMAR |
| 100 | 1 |
_aHeywood, Bernard. _9112036 |
|
| 245 | 1 | 0 |
_aCaring for Maria : _ban experience of successfully coping with Alzheimer's disease / _cBernard Heywood. |
| 260 |
_aShaftesbury, Dorset ; _aRockport, Mass. : _bElement, _c1994. |
||
| 300 |
_axiv, 217 p. ; _c22 cm. |
||
| 650 | 0 |
_aAlzheimer's disease _xCase studies. _9112037 |
|
| 906 |
_a7 _bcbc _corignew _d1 _eocip _f19 _gy-gencatlg |
||
| 942 |
_2ddc _cBK |
||
| 999 |
_c594611 _d594611 |
||